| 000 | 01219cam a2200325 4500 | ||
|---|---|---|---|
| 005 | 20211013122133.0 | ||
| 008 | 211013b ag ||||| |||| 00| 0 spa d | ||
| 020 | _a03289680 | ||
| 050 | 0 | 4 |
_aK3943 _bD47 2004 |
| 245 | 0 | 0 |
_aDerecho del comercio internacional acuerdos regionales y OMC _c/ Roxana C. Blassetti, Guillermo Cabanellas, Carlos M. Correa,...[et al.] |
| 250 | _a1a ed. | ||
| 260 |
_aBuenos Aires, Madrid : _bCiudad Argentina, _c2004 |
||
| 300 |
_a535 p. : _c23 cm. |
||
| 490 | 0 |
_aTemas de derecho industrial y de la competencia ; _v6 |
|
| 504 | _aIncluye Bibliografías | ||
| 506 | _aDonación | ||
| 650 | 7 |
_2lemb _aDerecho Comercial _xOrganización internacional |
|
| 650 | 7 |
_2lemb _aDerecho Comercial _xTratados comerciales |
|
| 700 | 1 |
_aBlassetti, Roxana C. _eautor |
|
| 700 | 1 |
_aCabanellas, Guillermo _eautor |
|
| 700 | 1 |
_aCorrea, Carlos M. _eautor |
|
| 700 | 1 |
_aCzar de Zalduendo, Susana _eautor |
|
| 700 | 1 |
_aLipszyc, Delia _eautor |
|
| 700 | 1 |
_aMastaglia, Gabriela Teresita _eautor |
|
| 700 | 1 |
_aMoncayo von Hase, Andrés _eautor |
|
| 700 | 1 |
_aNegro, Sandra Cecilia _eautor |
|
| 700 | 1 |
_aNúñez, Javier Fernando _eautor |
|
| 700 | 1 |
_aOrcalli, Gabriele _eautor |
|
| 942 |
_2lcc _cLIB |
||
| 999 |
_c126617 _d126617 |
||